On participation in political protest movements /

Salvato in:
Dettagli Bibliografici
Autore principale: Orum, Anthony M.
Natura: testo
Tags: Aggiungi Tag
Nessun Tag, puoi essere il primo ad aggiungerne!!

MARC

LEADER 00000 a a2200000 04500
001 43765
003
040 |a CRAI/IIS  |c CRAI/IIS 
100 |a Orum, Anthony M.  
245 |a On participation in political protest movements /  |c Anthony M. Orum  
773 |g páginas 130-140  
999 |c 20208  |d 20208